=LDR 00000nam 2200000 4500 =001 NUTBA000000000003976 =005 20140901093653.0 =006 =007 =008 =020 ##$$a 978-974-29-0298-3 =035 ##$$0010-091400000000009 =040 ##$$a NBPDMAT =082 ##$$a 510 076 =084 ##$$a 510 076 Mue s =100 ##$$a Muchayat =245 ##$$a strategi tembus perguruan tinggi negri matematika IPA / $c H. Muchayat =250 ##$$a Cet. 2 =260 ##$$a Yogyakarta : $b Andi, $c 2008 =300 ##$$a viii, 200 hlm. ; 21 cm. =650 ##$$a Matematika - soal dan pembahasan =990 ##$$a 21408027 =990 ##$$a 0001/BPAP-NTB/20142014 =990 ##$$a 0001/BPAP-NTB/20142014 =990 ##$$a 0001/BPAP-NTB/20142014 =990 ##$$a 0001/BPAP-NTB/20142014 =990 ##$$a 0001/BPAP-NTB/20142014 =990 ##$$a 0001/BPAP-NTB/20142014 =990 ##$$a 0001/BPAP-NTB/20142015 =990 ##$$a 0001/BPAP-NTB/2016